00954nam a2200205 i 4500001000700000003000900007005001700016008004100033245014600074260006700220300002200287490006700309650004600376650004200422710004200464830007500506852002400581999001900605952012400624187516ES-MaACL20230906222941.0171020s1906 fr |||| | fre d02aL'enseignement de la grammaire : conférences du Musée Pédagogique : 1906 / cpar V. Henry, F. Brunot, H. Goelzer, L. Sudre, Ch. Maquet. aParis : bMusée Pedagogique, c1906 (fImprimerie Nationale) a184 p. ; c19 cm.1 aPublications du musée pédagogique. Nouvelle série ; v10 4aEnseñanza secundaria-zFrancia.913599604aLengua francesa-xEnseñanza.9142152 aMusée Pédagogique (Paris)91637410 aPublications du musée pédagogique. Nouvelle série ; v109192793 aES-MaACLjF-5979(2) c187516d187516 00104070aATENEOMbATENEOMcDEPO2d2017-10-20eSCl0oF-5979(2)p1198039r2023-02-23 00:00:00w2023-02-23yMONOGRAFIA